Shifting sovereignties : (Record no. 31027)

MARC details
000 -LEADER
fixed length control field 00958nam a22002777i 4500
003 - CONTROL NUMBER IDENTIFIER
control field EG-ScBUE
005 - DATE AND TIME OF LATEST TRANSACTION
control field 20251130095646.0
008 - FIXED-LENGTH DATA ELEMENTS--GENERAL INFORMATION
fixed length control field 200219s2025 gw f b 001 0 eng d
020 ## - INTERNATIONAL STANDARD BOOK NUMBER
International Standard Book Number 9783111446561
040 ## - CATALOGING SOURCE
Original cataloging agency EG-ScBUE
Language of cataloging eng
Description conventions rda
Transcribing agency EG-ScBUE
Modifying agency EG-ScBUE
082 04 - DEWEY DECIMAL CLASSIFICATION NUMBER
Classification number 320.15
Edition number 22
Item number MIH
100 1# - MAIN ENTRY--PERSONAL NAME
Personal name Mihatsch, Moritz A.
Fuller form of name (Moritz Anselm),
Dates associated with a name 1981-
Relator term author.
245 10 - TITLE STATEMENT
Title Shifting sovereignties :
Remainder of title a global history of a concept in practice /
Statement of responsibility, etc Moritz Mihatsch, Michael Mulligan.
264 #1 - PUBLICATION, DISTRIBUTION, ETC. (IMPRINT)
Place of publication, distribution, etc Berlin :
Name of publisher, distributor, etc De Gruyter Oldenbourg,
Date of publication, distribution, etc 2025.
300 ## - PHYSICAL DESCRIPTION
Extent 394 pages ;
Dimensions 23 cm
336 ## - CONTENT TYPE
Content type term text
Source rdacontent
Content type code txt
337 ## - MEDIA TYPE
Media type term unmediated
Source rdamedia
Media type code n
338 ## - CARRIER TYPE
Carrier type term volume
Source rdacarrier
Carrier type code nc
504 ## - BIBLIOGRAPHY, ETC. NOTE
Bibliography, etc Includes bibliographical references and index.<br/>
650 #7 - SUBJECT ADDED ENTRY--TOPICAL TERM
Topical term or geographic name as entry element Sovereignty.
Source of heading or term BUEsh
650 #7 - SUBJECT ADDED ENTRY--TOPICAL TERM
Topical term or geographic name as entry element Sovereignty
General subdivision History.
Source of heading or term BUEsh
655 ## - INDEX TERM--GENRE/FORM
Form subdivision Reading book
700 1# - ADDED ENTRY--PERSONAL NAME
Personal name Mulligan, Michael,
Relator term author.
942 ## - ADDED ENTRY ELEMENTS (KOHA)
Source of classification or shelving scheme Dewey Decimal Classification
Koha item type Book - Borrowing
Holdings
Withdrawn status Lost status Source of classification or shelving scheme Damaged status Not for loan Collection code Home library Current library Shelving location Date acquired Source of acquisition Total Checkouts Full call number Barcode Date last seen Date checked out Price effective from Koha item type
    Dewey Decimal Classification     Donation-Gift Central Library Central Library First floor 30/11/2025 Donation 1 320.15 MIH 000057423 12/01/2026 02/12/2025 30/11/2025 Book - Borrowing